000
00287nam a2200109Ia 4500
008
230907s9999||||xx |||||||||||||| ||und||
082
_a
621.47
_b
DUF
100
_a
Duffie, John A.
_9
83600
245
0
_a
Solar engineering of thermal processes /
300
_a
xxvi, 910 pages :
942
_c
BK
999
_c
598976
_d
598976